=LDR 00000nam 2200000 4500 =001 INLIS000000000038707 =005 20130612144353 =008 ***********************************Ind** =035 ##$$a0010-061300000038707 =041 ##$$a Ind =082 ##$$a 650.1 =090 ##$$a 650.1, Muj r =245 ##$$a Rupiah meraih dari bisnis roti dan kue, Izzudin I Mujib, Adi A.Somod, Yulia N; Editor, Asep R =260 ##$$a 2011 $b Jakarta =300 ##$$a vi,146 hlm, ILus, 21 cm =650 ##$$a Bisnis =700 ##$$a Somad, Adi A =850 ##$$a NBPNMAT =990 ##$$a 0001/BPAP-NTB/20142014